¿Puedes escribir los paises atraves de emojis de comida? - Estadísticas

Estadísticas generales
  • Esta prueba ha sido intentada 350 veces
  • La puntuación promedio es 6 de 7
Estadísticas de respuestas
Emoji País % Correcto
🍔🌭🍗 Estados Unidos
100%
🍕🥗🍝 Italia
100%
🍣🍜🐟 Japón
99%
🌮🌯🍿 México
97%
🥩🥘🍖 España
96%
🥨🍟🥖 Francia
88%
🥞🧇🥓 Canadá
50%
No se encontraron pruebas coincidentes
Distribución de puntuación
Porcentaje de gente con cada puntuación
Porcentaje por número respondido
Historial de tus puntuaciones
No has intentado esta prueba.